[Event "23rd ETCC Open 2021"]
[Site "Catez"]
[Date "2021.11.19"]
[Round "7.8"]
[White "Abasov, Nijat"]
[Black "Van den Doel, Erik"]
[Result "1-0"]
[WhiteElo "2634"]
[BlackElo "2594"]
[Annotator "TA"]
[PlyCount "107"]
[EventDate "2021.11.08"]
[EventType "team-tourn"]
[EventCountry "SLO"]
[SourceTitle "playchess.com"]
[Source "ChessBase"]
[SourceQuality "1"]
[WhiteTeam "Azerbaijan"]
[BlackTeam "Netherlands"]
[WhiteTeamCountry "AZE"]
[BlackTeamCountry "NED"]

{[%evp 21,107,7,14,8,12,5,8,7,6,6,6,6,10,7,5,8,4,10,8,0,0,0,11,4,7,5,2,0,11,0,
9,0,0,0,6,3,5,6,7,0,0,0,4,4,11,10,18,18,20,4,22,21,20,9,9,9,17,12,15,28,22,0,
13,13,14,0,87,87,87,80,134,100,80,80,131,80,855,754,1281,980,964,825,12828,
2147,12839,9273,12842,12839]} 1. e4 e5 2. Nf3 Nc6 3. Bc4 Bc5 4. Nc3 Nf6 5. d3
a6 6. Bg5 h6 7. Bxf6 Qxf6 8. Nd5 Qd8 9. c3 d6 10. d4 Ba7 11. dxe5 Nxe5 12. Nxe5
{C50: Hungarian Defence and Giuoco Pianissimo.} dxe5 13. Qh5 O-O $1 14. Qxe5 {
aiming for 0-0-0.The position is equal.} Re8 15. Qf4 Qd6 16. Qxd6 Rxe4+ {
[%mdl 64] [#] Double Attack} 17. Ne3 cxd6 18. Bd5 Re7 19. O-O-O Be6 20. Rhf1
Bxe3+ 21. fxe3 {[#]} Rd8 $146 ({Predecessor:} 21... Rae8 22. Bf3 Bxa2 23. Rxd6
Bc4 24. Re1 f5 25. g3 b5 26. Kd2 Re6 27. Bd5 Bxd5 28. Rxd5 {1/2-1/2 (40)
Sermek,D (2530)-Jovanic,O (2543) Sibenik 2009}) 22. Bxe6 Rxe6 $11 {[%mdl 4096]
Endgame KRR-KRR} 23. Rd3 Kf8 24. Kd2 Ke7 25. Rf4 Re5 26. Ke2 Rd7 27. Rfd4 Rg5
28. Kf3 Rf5+ 29. Rf4 Re5 30. Rc4 Rf5+ 31. Ke2 Rg5 32. g3 Kd8 33. a4 Rh5 34. h4
Re5 35. b4 Re6 36. a5 Rde7 37. Rcd4 Kc7 38. c4 Re4 39. Kf3 (39. g4 {with more
complications.} R4e6 40. b5 Rf6 41. Rd5 Re4 42. g5) 39... Rxd4 40. Rxd4 {KR-KR}
Kc6 41. Rg4 f6 42. Re4 Rc7 43. Kf4 g6 (43... b6 $11 {remains equal.}) 44. g4
$16 Rf7 45. h5 gxh5 46. gxh5 Rg7 47. Re6 Rg5 48. c5 (48. Rxf6 $142 Rxh5 49. c5)
48... Kd7 $2 {[%mdl 8192] [#] Loses the game.} (48... Rxh5 $16 49. Rxd6+ Kc7)
49. Rxf6 $18 {White is clearly winning.} Rxh5 50. cxd6 Rh4+ 51. Ke5 Rxb4 52.
Rf7+ Kd8 53. e4 h5 54. Kd5 {Weighted Error Value: White=0.05/Black=0.09} 1-0

[Event "23rd ETCC Open 2021"]
[Site "Catez"]
[Date "2021.11.19"]
[Round "7.9"]
[White "Shirov, Alexei"]
[Black "Sargissian, Gabriel"]
[Result "1/2-1/2"]
[WhiteElo "2673"]
[BlackElo "2664"]
[Annotator "TA"]
[PlyCount "81"]
[EventDate "2021.11.08"]
[EventType "team-tourn"]
[EventCountry "SLO"]
[SourceTitle "playchess.com"]
[Source "ChessBase"]
[SourceQuality "1"]
[WhiteTeam "Spain"]
[BlackTeam "Armenia"]
[WhiteTeamCountry "ESP"]
[BlackTeamCountry "ARM"]

{[%evp 15,81,14,10,11,5,0,0,0,0,0,0,0,0,0,0,0,7,0,14,4,8,8,12,-12,20,7,15,-26,
-26,-26,-29,-27,-35,-37,-23,-17,-16,-20,-19,-15,0,0,0,0,0,0,0,0,0,0,0,0,0,0,0,
0,0,0,0,0,0,0,0,0,0,0,0,0]} 1. e4 e5 2. Nf3 Nc6 3. Bb5 a6 4. Ba4 Nf6 5. O-O Be7
6. d3 b5 7. Bb3 d6 8. a4 Bd7 $1 {8...Bd7 scores better than 8...b4.} 9. Be3 {
C84: Closed Ruy Lopez: Unusual White 6th moves.} O-O 10. axb5 axb5 11. Nc3 Rxa1
12. Qxa1 Nb4 {[#]} 13. Na2 $146 ({Predecessor:} 13. Bd2 c5 14. Qa3 c4 15. dxc4
bxc4 16. Qxb4 cxb3 17. Qxb3 Qc7 18. Bg5 Be6 19. Qa4 Rb8 20. Bxf6 Bxf6 21. h3 {
1/2-1/2 (32) Calonge Gonzalez,A (2290)-Rubio Doblas,R (2222) ICCF email 2012})
13... Nc6 14. Nc3 Nb4 15. Qa5 c5 16. Ra1 Qxa5 17. Rxa5 Rb8 18. Bg5 Bd8 19. Ra7
{[#] aiming for Bxf6.} Nc6 20. Ra6 Nb4 21. Rxd6 {Hoping for Bxf6.} (21. Ra1 {
with more complications.} Kf8 22. Bxf6 Bxf6 23. Nd5 Nxd5 24. Bxd5 Bd8 25. Ra7)
21... Bc7 22. Rxf6 gxf6 23. Bxf6 Be6 24. Bxe6 ({Much weaker is} 24. Nxe5 Bxb3
25. cxb3 Rb6 $17) 24... fxe6 25. Bxe5 Bxe5 {The position is equal.} 26. Nxe5
Nxc2 $15 {[%mdl 4096] Endgame KRN-KNN} 27. f4 c4 28. dxc4 bxc4 29. Kf2 Rxb2 {
[#] White must now prevent ...Nb4+.} 30. Nxc4 Rb3 31. Ne2 Rb4 32. Nd2 Nd4 (
32... Kf7 {is interesting.} 33. g4 Ra4 34. h4 Nb4 35. Nc4 Nc6) 33. Nxd4 Rxd4
$11 {KR-KN} 34. Ke3 Ra4 35. g4 Ra3+ 36. Kf2 h5 37. gxh5 Kg7 38. Nf1 Rh3 39. Ng3
Rxh2+ 40. Kf3 Rh4 41. e5 {Weighted Error Value: White=0.02/Black=0.02} 1/2-1/2

[Event "23rd ETCC Open 2021"]
[Site "Catez"]
[Date "2021.11.19"]
[Round "7.10"]
[White "Martirosyan, Haik M."]
[Black "Anton Guijarro, David"]
[Result "1/2-1/2"]
[WhiteElo "2624"]
[BlackElo "2669"]
[Annotator "TA"]
[PlyCount "75"]
[EventDate "2021.11.08"]
[EventType "team-tourn"]
[EventCountry "SLO"]
[SourceTitle "playchess.com"]
[Source "ChessBase"]
[SourceQuality "1"]
[WhiteTeam "Armenia"]
[BlackTeam "Spain"]
[WhiteTeamCountry "ARM"]
[BlackTeamCountry "ESP"]

{[%evp 9,75,32,41,43,42,34,43,43,54,26,56,20,22,20,24,20,34,27,23,34,32,2,67,
62,72,10,25,5,81,0,60,24,44,52,44,45,53,48,56,45,54,58,55,51,59,53,41,26,39,38,
45,8,20,0,0,0,0,0,0,0,0,-21,-24,-18,0,-33,-30,-43]} 1. d4 Nf6 2. c4 e6 3. Nf3
d5 4. Nc3 dxc4 5. e4 b5 6. e5 {D24: Queen's Gambit Accepted: 3 Nf3 Nf6 4 Nc3.}
Nd5 7. Nxb5 Nb6 8. Be2 {White is slightly better.} Nc6 $1 {8...Nc6 scores
better than 8...Be7.} 9. Be3 Be7 10. a3 Bb7 11. Qc2 Na5 12. Rd1 Qd7 13. Nc3 Rb8
14. h4 Bc6 {[#]} 15. h5 $146 ({Predecessor:} 15. Rh3 h6 16. Rg3 g6 17. d5 Bxd5
18. Nxd5 Nxd5 19. Bxa7 Rb7 20. Bd4 Qc6 21. Rg4 {1-0 (55) Yilmaz,M (2624)
-Bogner,S (2574) Sharjah 2021}) 15... Ba4 (15... O-O $11) 16. Nxa4 $14 Qxa4 {
[#]} 17. Rc1 (17. Qe4 $1 $16) 17... Nb3 $11 18. Rb1 Na5 {[#]} (18... O-O $11)
19. Qc1 (19. Qe4 $1 $16) 19... Nd5 ({Black should play} 19... Nb3 $11 20. Qc2
h6) 20. Bd2 c5 21. dxc5 O-O 22. O-O c3 23. bxc3 {Threatens to win with Rxb8.}
Nc4 24. Bxc4 Rxb1 25. Qxb1 Qxc4 26. h6 g6 27. c6 Qxc6 28. Qb3 Rc8 {[%cal Rd5c3]
} 29. Rb1 Nb6 30. Be3 Bf8 31. Rd1 Nd5 32. Bd2 Nb6 33. Re1 Qc4 34. Rb1 Qe4 35.
Qb5 Rc5 36. Qf1 Rc8 37. Rb5 Nc4 {[%mdl 1024] Black has compensation.} 38. Bc1 {
Weighted Error Value: White=0.13/Black=0.14} 1/2-1/2

[Event "23rd ETCC Open 2021"]
[Site "Catez"]
[Date "2021.11.19"]
[Round "7.11"]
[White "Santos Latasa, Jaime"]
[Black "Hovhannisyan, Robert"]
[Result "1/2-1/2"]
[WhiteElo "2633"]
[BlackElo "2622"]
[Annotator "TA"]
[PlyCount "83"]
[EventDate "2021.11.08"]
[EventType "team-tourn"]
[EventCountry "SLO"]
[SourceTitle "playchess.com"]
[Source "ChessBase"]
[SourceQuality "1"]
[WhiteTeam "Spain"]
[BlackTeam "Armenia"]
[WhiteTeamCountry "ESP"]
[BlackTeamCountry "ARM"]

{[%evp 16,83,2,1,18,0,29,18,6,10,23,13,67,60,59,18,22,22,68,35,43,27,31,34,30,
27,45,43,46,0,1,0,27,0,6,10,13,20,7,6,6,6,6,6,6,0,64,68,72,41,55,55,55,55,63,
55,57,55,55,55,72,34,40,0,0,0,0,0,0,0]} 1. Nf3 d5 2. g3 g6 3. Bg2 Bg7 4. d4 Nf6
5. O-O O-O 6. c4 dxc4 7. Na3 c5 8. Nxc4 Be6 {8...Be6 is better than 8...cxd4.}
9. b3 {[#]} Nbd7 $146 {D77: Fianchetto Grünfeld: 6 0-0: Replies other than 6...
c6.} ({Predecessor:} 9... Nc6 10. Bb2 cxd4 11. Nxd4 Nxd4 12. Bxd4 b6 13. Ne5
Bd5 14. Nc6 Bxc6 15. Bxc6 Rc8 16. Bf3 Ne8 17. Bxg7 Nxg7 {1-0 (48) Fedoseev,V 
(2687)-Brkic,A (2592) Tornelo INT 2021}) 10. Ne3 Nd5 11. Nxd5 Bxd5 12. Be3 Rc8
13. dxc5 Nxc5 ({Black should play} 13... Bxa1 $11 14. Qxd5 Bg7) 14. Rc1 $14 Qd6
15. Ng5 (15. Qc2 $5 {[%cal Re3c5]} b6 16. b4 $14) 15... Bxg2 16. Kxg2 Qe5 17.
Nf3 Qf5 18. Rxc5 Rxc5 19. Bxc5 Qxc5 20. Qd7 b5 21. Rd1 e6 22. Nd4 Bxd4 23. Rxd4
$11 {[%mdl 4096] Endgame KQR-KQR} a5 24. Rd6 a4 25. bxa4 bxa4 26. Ra6 Qc4 27.
Rxa4 Qxe2 28. Qb7 Kg7 29. Ra7 Qc4 30. a4 {[%cal Ba2a4,Ba4a5][%mdl 32]} Qd5+ (
30... e5 $11) 31. Qxd5 $14 exd5 {KR-KR} 32. a5 Rd8 33. Kf1 d4 34. Ke2 {aiming
for a6.} d3+ 35. Kd2 Rd5 36. a6 {Hoping for f3.} Rd6 $1 37. Ra8 {a7 is the
strong threat.} Kf6 38. h4 {[#] Threatens to win with g4.} h5 39. g4 hxg4 {
The position is equal.} 40. h5 $1 {[%cal Rh5h6]} Kg7 41. a7 {Black must now
prevent h6+!} Ra6 42. hxg6 {Weighted Error Value: White=0.10/Black=0.11} ({
Don't go for} 42. Kxd3 $2 gxh5 43. Ke4 h4 $19) 1/2-1/2

[Event "23rd ETCC Open 2021"]
[Site "Catez"]
[Date "2021.11.19"]
[Round "7.12"]
[White "Ter-Sahakyan, Samvel"]
[Black "Salgado Lopez, Ivan"]
[Result "1/2-1/2"]
[WhiteElo "2615"]
[BlackElo "2609"]
[Annotator "TA"]
[PlyCount "94"]
[EventDate "2021.11.08"]
[EventType "team-tourn"]
[EventCountry "SLO"]
[SourceTitle "playchess.com"]
[Source "ChessBase"]
[SourceQuality "1"]
[WhiteTeam "Armenia"]
[BlackTeam "Spain"]
[WhiteTeamCountry "ARM"]
[BlackTeamCountry "ESP"]

{[%evp 12,94,30,-4,23,19,28,7,14,22,20,20,12,12,12,12,12,15,17,16,14,17,12,0,0,
0,0,0,0,-64,-63,-82,-82,-81,-68,-79,-70,-77,-70,-80,-82,-84,-83,-93,-82,-85,
-69,-68,-68,-77,-77,-79,-79,-79,-79,-79,-79,-79,-77,-79,-79,-79,-79,-78,-69,
-74,-35,-35,-35,-35,-35,-40,-35,-35,-35,-35,-35,-35,-35,-35,-34,-34,-34,-34,
-41]} 1. e4 e5 2. Nf3 Nc6 3. Bb5 Nf6 4. d3 Bc5 5. c3 O-O 6. O-O d6 7. Bg5 Ne7 {
C65: Ruy Lopez: Berlin Defence (3...Nf6), unusual lines and 4 0-0 Bc5.} 8. d4 {
Threatens to win with Bxf6.} Bb6 {[#]} 9. dxe5 $146 ({Predecessor:} 9. Bxf6
gxf6 10. Nbd2 Ng6 11. Re1 exd4 12. Nxd4 d5 13. exd5 Bxd4 14. cxd4 Qxd5 15. Qa4
{1-0 (43) Perunovic,M (2614)-Wang,H (2712) Baku 2015}) 9... dxe5 {The position
is equal.} 10. Qxd8 ({Reject} 10. Nxe5 {[#]} Bxf2+ $1 11. Kxf2 Nxe4+ 12. Kg1
Nxg5 $17) 10... Rxd8 11. Nxe5 Nxe4 12. Bxe7 Rd5 {[%mdl 64] [#] Double Attack}
13. Nc4 Rxb5 14. Nba3 Rd5 15. Nxb6 axb6 16. Rfd1 Be6 17. Rxd5 Bxd5 18. Rd1 Bxa2
19. Rd7 Rc8 20. f3 ({White should play} 20. Nb5 $11) 20... Nc5 $1 $15 {[%cal
Rc5d7]} 21. Rd8+ Rxd8 22. Bxd8 $17 {[%mdl 4096] Endgame KBN-KBN} Ne6 23. Bh4 f6
24. Nb5 Bc4 25. Nd4 Nc5 26. Bg3 c6 27. Bc7 b5 28. Bd6 Nd7 29. Kf2 Kf7 30. b4
Nb6 31. Bf4 Nd5 32. Bd2 g6 33. h4 Ke7 34. Nc2 Bd3 35. Ne3 Nb6 36. g4 Ke6 37.
Ng2 {Nf4+ is the strong threat.} Bc2 38. Be3 Nd5 (38... Nd7 {feels hotter.} 39.
Nf4+ Kd6 40. Ke1 b6 41. Bf2 Ne5) 39. Nf4+ {Black is slightly better.} Nxf4 40.
Bxf4 $15 {KB-KB} Bd1 41. Be3 f5 42. Kg3 fxg4 43. fxg4 Ke5 44. Bd4+ Ke4 45. Bc5
h5 46. gxh5 gxh5 47. Bd4 Bg4 {Weighted Error Value: White=0.07/Black=0.04}
1/2-1/2

[Event "23rd ETCC Open 2021"]
[Site "Catez"]
[Date "2021.11.19"]
[Round "7.13"]
[White "Firouzja, Alireza"]
[Black "Jobava, Baadur"]
[Result "1-0"]
[WhiteElo "2770"]
[BlackElo "2582"]
[Annotator "TA"]
[PlyCount "91"]
[EventDate "2021.11.08"]
[EventType "team-tourn"]
[EventCountry "SLO"]
[SourceTitle "playchess.com"]
[Source "ChessBase"]
[SourceQuality "1"]
[WhiteTeam "France"]
[BlackTeam "Georgia"]
[WhiteTeamCountry "FRA"]
[BlackTeamCountry "GEO"]

{[%evp 11,91,26,29,20,25,20,37,41,35,47,52,50,67,70,68,63,63,55,56,37,39,42,41,
22,41,0,0,-8,0,0,3,6,12,-19,0,0,28,16,37,8,11,8,15,0,39,34,41,49,49,48,70,64,
65,16,63,39,44,21,103,114,96,103,97,108,87,0,0,0,0,0,0,0,337,325,321,302,380,
372,629,541,958,916]} 1. e4 c6 2. d4 d5 3. e5 Bf5 4. Nf3 e6 5. Be2 Ne7 6. O-O
h6 {6...h6 is the recent fashion.} 7. Nbd2 {B12: Caro-Kann: Advance Variation.}
Nd7 8. Nb3 Bh7 9. a4 {White is slightly better.} a6 10. Bd2 Qc7 11. Rc1 {[#]}
Rd8 $146 ({Predecessor:} 11... Nc8 12. Ne1 Be7 13. Bd3 Bxd3 14. Nxd3 O-O 15.
Qg4 Kh7 16. f4 c5 17. f5 exf5 18. Qxf5+ {1-0 (30) Groszpeter,A (2446)-Bakos,B 
(2413) Hungary 2015}) 12. Ba5 b6 13. Bb4 a5 14. Bd6 Qb7 15. Qd2 Nc8 16. Bxf8
Nxf8 17. Ne1 Ne7 18. Nd3 Nd7 19. Nf4 O-O 20. Rfe1 Rc8 21. c3 Rc7 22. g4 Qb8 23.
Qe3 Qd8 24. h3 Kh8 25. Nd2 c5 26. Bb5 Nc6 27. Kh2 cxd4 28. cxd4 Nb4 {White
must now prevent ...Nc2.} 29. Rxc7 Qxc7 30. Qc3 Rc8 31. Rc1 $1 Bc2 32. Qg3 Qd8
33. Bxd7 Qxd7 34. g5 $1 {White wants to play gxh6.} hxg5 (34... Bxa4 35. gxh6
Rg8 36. hxg7+ Rxg7 37. Qh4+ Kg8 38. Qh6 $18) (34... Qe7 $1 $11 {remains equal.}
) 35. Qxg5 $16 {Hoping for Rg1.} Qd8 36. Qh5+ Kg8 37. Nf3 $1 g6 38. Rg1 ({
Better is} 38. Qh6 $16 {And now Ng5 would win.} Qf8 39. Qh4) 38... Nc6 39. Qh6
$40 {[%mdl 128] White wants to mate with Nh5. White attacks.} Qf8 40. Qh4 Qg7
41. Nh5 Qh6 {[%mdl 8192] [#]} (41... Qh8 $1 $11 {and Black has nothing to
worry.}) 42. Rg4 $1 $18 {aiming for Nf6+.} ({And not} 42. Nf6+ Kg7 $11) 42...
Kf8 {[#]} 43. Qf6 $1 {Threatens to win with Ng5!} Nd8 {[#]} ({Of course not} 
43... Qxh5 $6 44. Rh4 $18) (43... Kg8 44. Ng5) 44. Rh4 $1 Kg8 $2 {[#]} (44...
Qxh5 45. Kg3 (45. Rxh5 gxh5 46. Kg3 Bg6 $18) 45... Ke8) 45. Ng5 $1 Bd1 {[#]} (
45... Qxh5 46. Rxh5) 46. Qxd8+ $1 {[%mdl 576] Clearance.  Weighted Error Value:
White=0.12/Black=0.42} 1-0

[Event "23rd ETCC Open 2021"]
[Site "Catez"]
[Date "2021.11.19"]
[Round "7.14"]
[White "Sanikidze, Tornike"]
[Black "Vachier-Lagrave, Maxime"]
[Result "1/2-1/2"]
[WhiteElo "2458"]
[BlackElo "2766"]
[Annotator "TA"]
[PlyCount "60"]
[EventDate "2021.11.08"]
[EventType "team-tourn"]
[EventCountry "SLO"]
[SourceTitle "playchess.com"]
[Source "ChessBase"]
[SourceQuality "1"]
[WhiteTeam "Georgia"]
[BlackTeam "France"]
[WhiteTeamCountry "GEO"]
[BlackTeamCountry "FRA"]

{[%evp 18,60,37,21,36,16,51,29,52,17,12,20,16,12,14,19,19,0,0,-26,-14,-27,-3,
-7,-15,-18,23,11,11,8,20,16,34,35,16,17,43,37,85,84,112,60,98,61,57]} 1. d4 Nf6
2. c4 e6 3. Nf3 d5 4. Nc3 Bb4 5. cxd5 exd5 6. Bg5 h6 7. Bh4 g5 8. Bg3 Ne4 9.
Nd2 Nxg3 {9...Nxc3 is vanishing.} 10. hxg3 c6 {D38: Queen's Gambit Declined:
Ragozin Defence (4 Nf3 Bb4).} 11. a3 Bf8 12. Qc2 Bg7 {White has an edge.} 13.
e3 {[#]} Nd7 $146 ({Predecessor:} 13... Be6 14. f4 Bg4 15. Nf3 Nd7 16. O-O-O
Qe7 17. e4 dxe4 18. Qxe4 Qxe4 19. Nxe4 gxf4 20. gxf4 {1/2-1/2 (35) Renet,O 
(2497)-Sanikidze,T (2524) Mulhouse 2011}) 14. Bd3 Nf6 15. O-O-O Be6 16. Kb1 Qe7
17. Nf3 O-O-O 18. Ne5 Kb8 19. Rhe1 Ng4 20. Nxg4 Bxg4 21. Rc1 c5 22. Bf5 Bxf5
23. Qxf5 cxd4 24. exd4 Qd7 25. Qxd7 Rxd7 26. Rcd1 b6 27. Kc2 h5 28. Kd3 h4 29.
Rh1 (29. Re3 $16) 29... Bf6 30. gxh4 gxh4 {Weighted Error Value: White=0.12/
Black=0.15} 1/2-1/2

[Event "23rd ETCC Open 2021"]
[Site "Catez"]
[Date "2021.11.19"]
[Round "7.15"]
[White "Bacrot, Etienne"]
[Black "Paichadze, Luka"]
[Result "1/2-1/2"]
[WhiteElo "2647"]
[BlackElo "2551"]
[Annotator "TA"]
[PlyCount "43"]
[EventDate "2021.11.08"]
[EventType "team-tourn"]
[EventCountry "SLO"]
[SourceTitle "playchess.com"]
[Source "ChessBase"]
[SourceQuality "1"]
[WhiteTeam "France"]
[BlackTeam "Georgia"]
[WhiteTeamCountry "FRA"]
[BlackTeamCountry "GEO"]

{[%evp 13,43,12,21,14,27,32,25,21,32,13,10,5,4,12,19,22,22,24,18,4,5,4,23,0,0,
0,0,0,0,0,0,0]} 1. d4 Nf6 2. c4 e6 3. Nf3 Bb4+ 4. Bd2 Bxd2+ 5. Qxd2 O-O 6. Nc3
d5 7. e3 b6 8. cxd5 {E11: Bogo-Indian.} Nxd5 9. Rc1 Bb7 10. Nxd5 {[#] White
has an edge.} Qxd5 $146 ({Predecessor:} 10... Bxd5 11. Bc4 Bxf3 12. gxf3 Nd7
13. Bb5 c5 14. dxc5 Nxc5 15. Qxd8 Rfxd8 16. Ke2 a5 {0-1 (54) Cardoso Cardoso,J
(2307)-Arenas Vanegas,D (2480) Cartagena 2019}) 11. b4 Qd6 12. Be2 a5 13. b5
Nd7 14. O-O c6 15. bxc6 Bxc6 16. Rb1 Rfc8 17. Rfc1 Rc7 18. h3 Rac8 {The
position is equal.} 19. Ba6 Ra8 20. Be2 Rac8 21. Ba6 Ra8 22. Be2 {A rather
calm draw.  Weighted Error Value: White=0.04/Black=0.02} 1/2-1/2

[Event "23rd ETCC Open 2021"]
[Site "Catez"]
[Date "2021.11.19"]
[Round "7.16"]
[White "Quparadze, Giga"]
[Black "Lagarde, Maxime"]
[Result "1/2-1/2"]
[WhiteElo "2475"]
[BlackElo "2647"]
[Annotator "TA"]
[PlyCount "87"]
[EventDate "2021.11.08"]
[EventType "team-tourn"]
[EventCountry "SLO"]
[SourceTitle "playchess.com"]
[Source "ChessBase"]
[SourceQuality "1"]
[WhiteTeam "Georgia"]
[BlackTeam "France"]
[WhiteTeamCountry "GEO"]
[BlackTeamCountry "FRA"]

{[%evp 21,87,0,23,27,25,29,33,24,33,2,5,7,7,0,12,14,41,60,47,13,16,22,23,22,26,
0,0,0,0,0,0,0,0,0,0,0,0,0,1,2,4,3,1,0,5,0,9,0,0,0,18,0,0,0,0,0,0,0,0,0,0,0,0,0,
0,0,0,0]} 1. e4 e5 2. Nf3 Nc6 3. Bb5 a6 4. Ba4 d6 5. c3 f5 6. exf5 Bxf5 7. O-O
Bd3 8. Re1 Be7 9. Bc2 Bxc2 10. Qxc2 Nf6 11. d4 Qd7 (11... e4 {is more complex.}
12. Ng5 d5 13. f3 h6 14. Nh3 O-O) 12. dxe5 {C74: Ruy Lopez: Deferred Steinitz:
5 c3 f5.} Nxe5 13. Nxe5 dxe5 14. Nd2 {White is slightly better.} ({Don't play} 
14. Rxe5 Ng4 $11) 14... O-O-O 15. Ne4 Qd3 16. Qxd3 Rxd3 17. Bg5 {[#]} Nxe4 $146
({Predecessor:} 17... Re8 18. Ng3 Ng4 19. Bxe7 Rxe7 20. f3 Nh6 21. Re2 g5 22.
h3 Nf7 23. Rae1 Re6 {1/2-1/2 (44) Sittenfeld,J (2220)-Hartman,C (2350)
Sollentuna 1995}) 18. Bxe7 Nd6 19. Rxe5 Nc4 20. Re2 (20. Rg5 {looks sharper.}
g6 21. b3 Re8 22. Bb4 Red8 23. h4) 20... Re8 21. b3 Nd6 {[#] Strongly
threatening ...Kd7.} 22. Kf1 Rxc3 23. Bxd6 (23. Rae1 {feels hotter.} Rd3 24. g4
Rd5 25. Bh4 Rxe2 26. Rxe2 h5 27. h3) 23... Rxe2 {The position is equal.} 24.
Kxe2 {Hoping for Kd2.} cxd6 $11 {[%mdl 4096] Endgame KR-KR} 25. Kd2 Rc6 26. Re1
Kd7 27. Re4 Rc5 28. Rh4 Rg5 29. g3 h6 30. Rf4 Ke6 31. Re4+ Kd7 32. h4 Rf5 33.
Ke3 h5 34. g4 hxg4 35. Rxg4 Rf7 36. h5 Kc6 37. Rc4+ Kd5 38. f3 Rf5 39. Rc7 Rxh5
40. Rxb7 Rh2 41. a4 Rb2 42. Rb6 g5 43. a5 Ra2 44. Rxa6 {Weighted Error Value:
White=0.05/Black=0.03} 1/2-1/2

[Event "23rd ETCC Open 2021"]
[Site "Catez"]
[Date "2021.11.19"]
[Round "7.17"]
[White "Erdos, Viktor"]
[Black "Indjic, Aleksandar"]
[Result "1/2-1/2"]
[WhiteElo "2615"]
[BlackElo "2612"]
[Annotator "TA"]
[PlyCount "73"]
[EventDate "2021.11.08"]
[EventType "team-tourn"]
[EventCountry "SLO"]
[SourceTitle "playchess.com"]
[Source "ChessBase"]
[SourceQuality "1"]
[WhiteTeam "Hungary"]
[BlackTeam "Serbia"]
[WhiteTeamCountry "HUN"]
[BlackTeamCountry "SRB"]

{[%evp 9,73,9,8,12,14,0,0,0,0,-2,0,-7,0,-11,-3,-15,-22,-10,-12,-41,-22,-28,-8,
-19,-22,-17,-34,-34,-18,-17,-5,-20,-5,-5,-5,-3,0,-6,0,0,0,0,0,0,0,0,0,0,0,0,0,
0,0,0,0,0,0,0,0,-6,0,0,0,0,0,0]} 1. e4 c5 2. Nf3 e6 3. g3 Nc6 4. Bg2 Nf6 5. Qe2
e5 6. O-O {B40: Sicilian: 2...e6, Unusual lines.} Be7 7. c3 O-O 8. Na3 Re8 9.
d3 h6 10. Nc4 Bf8 11. Ne3 d5 12. Nxd5 Nxd5 13. exd5 Qxd5 {[#]} 14. Rd1 $146 ({
Predecessor:} 14. Nd2 Qd8 15. Nc4 Bf5 16. Be4 Qd7 17. a4 Rad8 18. a5 Bg4 19.
Qc2 Be6 20. Qa4 {1/2-1/2 (81) Abdusattorov,N (2627)-Vokhidov,S (2529) Tashkent
2021}) 14... Qd8 15. Be3 Nd4 16. Bxd4 exd4 17. Qc2 dxc3 18. Qxc3 Be6 19. d4 {
The position is equal.} Qb6 20. d5 Bg4 21. Re1 Bxf3 22. Bxf3 Bd6 23. b3 Qc7 {
Hoping for ...Be5.} 24. Rxe8+ Rxe8 25. Re1 Rxe1+ 26. Qxe1 Kf8 27. Qe4 g6 28. a4
h5 29. Kg2 a6 30. Be2 Qd8 31. h4 Qf6 32. Qe3 Qb2 33. Bc4 Qf6 34. Kg1 Qf5 35.
Kg2 Qf6 36. Kg1 Qf5 37. Kg2 {A rather calm draw.  Weighted Error Value:
White=0.03/Black=0.03} 1/2-1/2